Football : Équipe de France Euro 2020 - Statistiques

Statistiques générales
  • Ce quiz a été pris 174 fois
  • Le résultat moyen est 22 sur 26
Statistiques - réponses
Club Poste Joueur % Correct
Tottenham Gardien Lloris
100%
PSG Ailier/Attaquant de pointe Mbappé
98%
Griezmann Milieu offensif Griezmann
97%
Chelsea Milieu défensif Kanté
95%
Manchester United Milieu Pogba
93%
Real Madrid Attaquant de pointe Benzema
92%
Bayern Munich Ailier Coman
92%
Lenglet Défenseur central Lenglet
92%
LOSC Gardien Maignan
92%
OM Gardien Mandanda
92%
Real Madrid Défenseur central Varane
92%
FC Barcelone Ailier Dembélé
91%
Chelsea Attaquant de pointe Giroud
89%
Bayern Munich Défenseur central/Latéral gauche Hernandez
89%
Juventus Milieu Rabiot
89%
Monchengladbach Attaquant de pointe Thuram
87%
Bayern Munich Latéral droit Pavard
85%
Séville Latéral droit Koundé
83%
As Monaco Attaquant de pointe Ben Yedder
80%
Everton Latéral gauche Digne
79%
Bayern Munich Milieu Tolisso
79%
PSG Défenseur central Kimpembe
77%
Atletico Madrid Milieu Lemar
77%
Tottenham Milieu Sissoko
57%
OL Latéral droit Dubois
47%
Chelsea Défenseur central Zouma
39%
Aucun quiz correspondant
Distribution des résultats
% des personnes avec chaque résultat
Percentile par nombre de réponses
Votre historique - résultats
Vous n’avez pas pris ce quiz